00473nam a2200169Ia 4500003000400000008004100004040001600045082001700061100002900078245007100107700002900178260004900207650001200256650001300268650001300281650000900294GCL140319s9999 xx 000 0 eng d aGCL / cGCL04aCHb507bM R1 aMC CLANAHAR BOOK COMPANY10aROCKS AND MINERALS AT YOUR FINGERTIPS / cMC CLANAHAR BOOK COMPANY1 aMC CLANAHAN BOOK COMPANY a[S.N] : bMC CLANAHAN BOOK COMPANY ، c199504aSCIENCE04aCHILDREN04aMINERALS04aROCK